Warrior Cats - Staffel 4 - Statistiken

Allgemein
  • Dieses Quiz wurde 19 mal gespielt
  • Das Durchschnittsergebnis liegt bei 4 aus 6
Antwortstatistiken
Band Warrior Cats - … % Korrekt
Band 1 Der vierte Schüler
86%
Band 6 Die letzte Hoffnung
86%
Band 5 Der verschollene Krieger
57%
Band 4 Spur des Mondes
57%
Band 3 Stimmen der Nacht
57%
Band 2 Fernes Echo
50%
Keine übereinstimmenden Quizze gefunden
Verteilung der Resultate
Anzahl Personen mit jedem Resultat
Perzentil nach korrekt beantworteten Fragen
Ihre Resultats-Entwicklung
Sie haben dieses Quiz noch nicht gespielt